Justin Timberlake - Can't stop the feeling [lyrics] - Statistics

General Stats
  • This quiz has been taken 35 times
  • The average score is 67 of 122
Answer Stats
Answer % Correct
feel
97%
feelin’
97%
feelin’)
97%
I
97%
(I
97%
my
97%
a
94%
got
94%
in
94%
stop
94%
bones
91%
can
91%
inside
91%
it
91%
the
91%
can’t
88%
(can’t
88%
when
88%
on
85%
on)
85%
this
85%
goes
82%
electric
79%
so
79%
feet
76%
pocket
76%
that
76%
turn
76%
you
76%
dance
73%
dance)
73%
(dance
73%
sunshine
73%
all
70%
good
70%
just
70%
up
67%
we
67%
city
64%
no
64%
to
64%
do
61%
home
61%
know
61%
soul
61%
zone
61%
body
58%
don’t
58%
(don’t
58%
i’m
58%
it’s
58%
keep
58%
lights
58%
move
58%
through
58%
already
55%
and
55%
feeling
55%
under
55%
but
52%
off
52%
oh
52%
see
52%
close
48%
creepin’
48%
dancin’
48%
eyes
48%
gettin’
48%
movin’
48%
(ooh)
48%
ooh
48%
take
48%
ceilin’
45%
imagine
45%
nothin’
45%
phenomenally
45%
rock
45%
those
45%
we’re
45%
yeah
45%
(yeah)
45%
‘cause
42%
fly
42%
need
42%
our
42%
things
42%
way
42%
air
39%
shouldn’t
39%
wavy
39%
ain’t
36%
come
36%
control
36%
control)
36%
drops
36%
high
36%
leavin’
36%
nobody
36%
reason
36%
blood
33%
everythings
33%
flyin’
33%
hide
33%
magical
33%
something
33%
your
33%
nowhere
30%
well
30%
soon
27%
hot
24%
moving
24%
rushin’
24%
(rushin’
24%
down
21%
nothing
21%
ceiling
18%
sing
15%
wanna
15%
lock
12%
room
12%
break
6%
everybody
6%
No matching quizzes found
Score Distribution
Percent of People with Each Score
Percentile by Number Answered
Your Score History
You have not taken this quiz